000 00846nam a2200217Ii 4500
003 JO-AjNU
008 230605s9999||||xx |||||||||||||| ||und||
017 _a1995/12/1300
040 _aJO-AjNU
_bara
_erda
_cJO-AjNU
041 _aara
050 1 4 _aKMM272.K3692.1996
100 3 _a كنعان ، نواف ,
_eauthor
_913458
245 0 0 _aالقانون الاداري الأردني: الكتاب الثاني
250 _aط1
264 3 1 _aعمان : نواف كنعان ، 1996
300 _aالكتاب الثاني، 408ص
336 _atext
_btxt
_2rdacontent
337 _aunmediated
_bn
_2rdamedia
338 _avolume
_bnc
_2rdacarrier
650 4 _aالوظيفة العامة -- القرارات الادارية -- العقود الادارية -- الاموال العامة -- القانون الاداري الاردني
_913459
999 _aA3356
_c6924
_d6924